| 000 | 00328nam a2200121Ia 4500 | ||
|---|---|---|---|
| 008 | 191201s2018 xx 000 0 und d | ||
| 100 | _aRASTOGI,Sameer | ||
| 245 | 0 | _aText book of human anatomy & Physiology | |
| 260 |
_bMackhingec Pub _aNew Delhi _c2018 |
||
| 300 | _a183 | ||
| 650 | _aHuman Anatomy & Physiology | ||
| 942 |
_2ddc _cBK |
||
| 999 |
_c8318 _d8318 |
||